000 01275cam a2200337 i 4500
001 17329092
003 EG-ScBUE
005 20240502084232.0
008 120601s2013 enka f b 001 0 eng d
020 _a9780415782449 (pbk.)
040 _aDLC
_beng
_erda
_cDLC
_dDLC
_dEG-ScBUE
043 _aaw-----
_an-us---
082 0 4 _a956.04
_bSTE
_222
100 1 _aStewart, Dona J.,
_eauthor.
_938294
245 1 4 _aThe Middle East today :
_bpolitical, geographical and cultural perspectives /
_cDona J. Stewart.
250 _aSecond edition.
264 1 _aLondon ;
_aNew York :
_bRoutledge / Taylor & Francis Group,
_c2013.
300 _axvii, 280 pages :
_billustrations ;
_c26 cm
336 _2rdacontent
_atext
_btxt
337 _aunmediated
_2rdamedia
_bn
338 _avolume
_bnc
_2rdacarrier
504 _aIncludes bibliographical references and index.
650 7 _aGeopolitics
_zMiddle East.
_2BUEsh
_95170
651 7 _aMiddle East
_xPolitics and government
_y1979-
_2BUEsh
651 7 _aMiddle East
_xEconomic conditions
_y1979-
_2BUEsh
651 7 _aUnited States
_xForeign relations
_zMiddle East.
_2BUEsh
651 7 _aMiddle East
_xForeign relations
_zUnited States.
_2BUEsh
653 _bBUSBOL
_cJune2015
_cAugust2015
655 _vReading book
_934232
942 _2ddc
_cBB
999 _c19848
_d19820